000 00878nam a2200229Ii 4500
003 JO-AjNU
008 230605s9999||||xx |||||||||||||| ||und||
017 _a1999/10/1954
020 _a9957-07-077-0
040 _aJO-AjNU
_bara
_erda
_cJO-AjNU
041 _aara
050 1 4 _aHV 1626.M338 2000
100 3 _aتأليف: المعايطة، خليل عبدالرحمن/ م.مشارك: مصطفى القمش، محمد عبد السلام البواليز,
_eauthor
_942627
245 0 0 _aالاعاقة البصرية
250 _aط1
264 3 1 _aعمان: دار الفك للطباعة والنشر والتوزيع، 2000
300 _a170ص
_bيحتوي على ببلوغرافية من 169-170ص
336 _atext
_btxt
_2rdacontent
337 _aunmediated
_bn
_2rdamedia
338 _avolume
_bnc
_2rdacarrier
650 4 _aالاعاقة البصرية
_942628
999 _aA18266
_c21834
_d21834